| 000 | 00759nam a2200241Ia 4500 | ||
|---|---|---|---|
| 003 | GCL | ||
| 008 | 140319s9999 xx 000 0 ara d | ||
| 040 |
_aGCL / _cGCL |
||
| 082 | 0 | 4 |
_a257.2 _bا م |
| 100 | 1 | _aالابيانى، ابوالعباس عبدالله | |
| 245 | 1 | 0 |
_aمسائل السماسرة / _cالابيانى، ابوالعباس عبدالله |
| 700 | 1 | _aمحمد العروسى المصرى | |
| 260 |
_a[S.N] : _bدار الغرب الاسلامى ، _c1992 |
||
| 300 | _a117 ص | ||
| 490 | _a | ||
| 650 | 0 | 4 | _aالاقتصاد |
| 650 | 0 | 4 | _aالاسلام |
| 650 | 0 | 4 | _aالفقه الاسلامى |
| 650 | 0 | 4 | _aالحضارة الاسلامية |
| 650 | 0 | 4 | _aالسماسرة |
| 650 | 0 | 4 | _aالحسبة |
| 942 |
_2ddc _cBK |
||
| 999 |
_c31991 _d31991 |
||